000 00614nam a22001937a 4500
005 20250328130411.0
010 _aENG-144351
020 _a9788188503391
_c695.00
035 _aEN-127883
037 _bDBAD
082 _a613.7046
100 _aSharnam, Acharya Sarvabhoot
_980013
245 _aFundamentals of Yoga Education /
_bAcharya Sarvabhot Sharnam
260 _aDelhi
_bPratibha Book Distribution
_c2018
270 _a821/B, Guruamdas Nagar Extn., Gurudwara Road, Laxmi Nagar,
_bDelhi
_e110092
300 _a205 p.
_c22 cm.(Pb)
700 _976691
942 _2ddc
_cEN
_h613.7046
_mSHA
999 _c210576
_d210576